Normal view MARC view
  • Bobrowski,Nicole

Entry Personal Name

Number of records used in: 2

001 - CONTROL NUMBER

  • control field: 9665

003 - CONTROL NUMBER IDENTIFIER

  • control field: NUST

005 - DATE AND TIME OF LATEST TRANSACTION

  • control field: 20180124110906.0

008 - FIXED-LENGTH DATA ELEMENTS

  • fixed length control field: 180124|| aca||aabn | a|a d

040 ## - CATALOGING SOURCE

  • Original cataloging agency: NUST
  • Transcribing agency: NUST

100 ## - HEADING--PERSONAL NAME

  • Personal name: Bobrowski,Nicole

670 ## - SOURCE DATA FOUND

  • Source citation: Work cat.: (NUST): Bobrowski,Nicole, Mini MAX-DOAS- an introduction, 2012
© 2023 Central Library, National University of Sciences and Technology. All Rights Reserved.